书目信息 |
| 题名: |
秦汉时期的政治与学术
|
|
| 作者: | 高连营 主编 | |
| 分册: | ||
| 出版信息: | 呼和浩特 内蒙古人民出版社 2006.12 |
|
| 页数: | 185页 | |
| 开本: | 21cm | |
| 丛书名: | 开启未来丛书之文学作品集 | |
| 单 册: | ||
| 中图分类: | I21 | |
| 科图分类: | ||
| 主题词: | 文学--wen xue--中国--作品集 | |
| 电子资源: | ||
| ISBN: | 7-204-07897-7 | |
| 000 | 00984nam0 2200253 450 | |
| 001 | 012007404531 | |
| 005 | 20081222102114.65 | |
| 010 | @a7-204-07897-7@dCNY29.80 | |
| 100 | @a20070830d2006 km y0chiy0120 ea | |
| 101 | 0 | @achi |
| 102 | @aCN@b150000 | |
| 105 | @ay z 000yy | |
| 200 | 1 | @a秦汉时期的政治与学术@Aqin han shi qi de zheng zhi yu xue shu@e[黄色版]@f高连营主编@Fgao lian ying zhu bian |
| 210 | @a呼和浩特@c内蒙古人民出版社@d2006.12 | |
| 215 | @a185页@d21cm | |
| 225 | 2 | @a开启未来丛书之文学作品集 |
| 330 | @a《开启未来丛书之文学作品集》引用了各界名家名人百余位,怀着眷眷深情,驾起自己回忆的小船溯流而上,去寻觅自己难以忘怀的青春岁月,去捕捉当年智慧的闪光,去追溯自己成功、成才、成家,为民族为国家做出贡献的源头。 | |
| 410 | 0 | @12001 @a开启未来丛书之文学作品集 |
| 517 | 1 | @a[黄色版]@A[huang se ban] |
| 606 | 0 | @a文学@Awen xue@y中国@j作品集 |
| 690 | @aI21@v4 | |
| 701 | 0 | @a高连营@Agao lian ying@4主编 |
| 801 | 0 | @aCN@bRULIN@c20081222 |
| 905 | @aZUCC@dI21@eG158 | |
| 秦汉时期的政治与学术:[黄色版]/高连营主编.-呼和浩特:内蒙古人民出版社,2006.12 |
| 185页;21cm.-(开启未来丛书之文学作品集) |
| ISBN 7-204-07897-7:CNY29.80 |
| 《开启未来丛书之文学作品集》引用了各界名家名人百余位,怀着眷眷深情,驾起自己回忆的小船溯流而上,去寻觅自己难以忘怀的青春岁月,去捕捉当年智慧的闪光,去追溯自己成功、成才、成家,为民族为国家做出贡献的源头。 |
| ● |
| 相关链接 |
|
|
|
正题名:秦汉时期的政治与学术
索取号:I21/G158
 
预约/预借
| 序号 | 登录号 | 条形码 | 馆藏地/架位号 | 状态 | 备注 |
| 1 | 715886 | 207158868 | 文学库108/108文学库 4排10列5层/ [索取号:I21/G158] | 在馆 |